| 000 -LEADER |
| fixed length control field |
00738nam a22001577a 4500 |
| 003 - CONTROL NUMBER IDENTIFIER |
| control field |
OSt |
| 005 - DATE AND TIME OF LATEST TRANSACTION |
| control field |
20151106085228.0 |
| 008 - FIXED-LENGTH DATA ELEMENTS--GENERAL INFORMATION |
| fixed length control field |
151106b xxu||||| |||| 00| 0 eng d |
| 040 ## - CATALOGING SOURCE |
| Transcribing agency |
RUA |
| 082 ## - DEWEY DECIMAL CLASSIFICATION NUMBER |
| Classification number |
FOR CHH 1997 B124 Or.1 |
| 100 ## - MAIN ENTRY--PERSONAL NAME |
| 9 (RLIN) |
3426 |
| Personal name |
CHHAY, NARETH. |
| 245 ## - TITLE STATEMENT |
| Title |
the study on processed recovery rate from round logs to s2s-s4s products at colexim and casotim enterprises (សិក្សាស្រាវជ្រាវអត្រាភាគរយនៃការកែច្នៃឈើហ៊ុបមូល ទៅជា ឈើ s2s និង s4s នៅសហគ្រាស កូឡិចស៊ីម និង កាសូទីម) |
| 260 ## - PUBLICATION, DISTRIBUTION, ETC. (IMPRINT) |
| Place of publication, distribution, etc. |
Phnom Penh |
| Name of publisher, distributor, etc. |
RUA |
| Date of publication, distribution, etc. |
1997 |
| 300 ## - PHYSICAL DESCRIPTION |
| Extent |
75p. |
| Other physical details |
ill. |
| Dimensions |
29cm. |
| 942 ## - ADDED ENTRY ELEMENTS (KOHA) |
| Source of classification or shelving scheme |
|
| Koha item type |
FOR |